[Event "Championnat de France - Accession"]
[Site "Belfort - SNPHHUATVS"]
[Date "2010.??.??"]
[Round "1.1"]
[White "Philippe, Christophe"]
[Black "Ludwig, Remi"]
[Result "1/2-1/2"]
[WhiteElo "2431"]
[BlackElo "2230"]
[PlyCount "99"]

1. e4 e6 2. d4 d5 3. Nc3 Bb4 4. Nge2 dxe4 5. a3 Be7 6. Nxe4 Nf6 7. Qd3 Nbd7 8.
Nxf6+ Nxf6 9. Be3 O-O 10. O-O-O b6 11. h4 Bb7 12. f3 Rc8 13. h5 c5 14. dxc5
Qxd3 15. Rxd3 Bxc5 16. Bxc5 Rxc5 17. h6 Rfc8 18. c3 g6 19. Rh4 Kf8 20. Ra4 a6
21. Nf4 Ke7 22. Re3 b5 23. Rb4 Bc6 24. g4 Nd5 25. Nxd5+ Rxd5 26. Be2 Rcd8 27.
Rbe4 R5d6 28. Re5 Bd5 29. Rd3 Bb3 30. Rxd6 Rxd6 31. f4 Rd8 32. Re3 Kf6 33. Re5
Ke7 34. Re4 f6 35. Rb4 Ba4 36. b3 a5 37. Rd4 Rxd4 38. cxd4 Bxb3 39. Bxb5 e5 40.
dxe5 fxe5 41. fxe5 Ke6 42. Bd3 Kxe5 43. Bxg6 Bg8 44. Bf5 Kf4 45. Kd2 Kg5 46.
Ke3 Kxh6 47. Kf4 Kg7 48. Ke5 Bb3 49. Bd3 h6 50. Be4 1/2-1/2

[Event "Championnat de France - Accession"]
[Site "Belfort - SNPHHUATVS"]
[Date "2010.??.??"]
[Round "1.2"]
[White "Cappon, John"]
[Black "Shirazi, Kamran"]
[Result "1/2-1/2"]
[WhiteElo "2229"]
[BlackElo "2428"]
[PlyCount "51"]

1. e4 c5 2. Nf3 e6 3. c3 d5 4. exd5 exd5 5. Bb5+ Nc6 6. d4 Nf6 7. O-O Be7 8.
dxc5 Bxc5 9. Bg5 Be6 10. Nbd2 h6 11. Bh4 O-O 12. Nb3 Bb6 13. Nbd4 Bd7 14. Bxc6
bxc6 15. Ne5 g5 16. Bg3 c5 17. Nxd7 Qxd7 18. Qf3 Ne4 19. Nf5 h5 20. Rad1 Rfe8
21. Rfe1 g4 22. Qf4 Bc7 23. Nh6+ Kh7 24. Qxc7 Qxc7 25. Bxc7 Kxh6 26. Rxd5
1/2-1/2

[Event "Championnat de France - Accession"]
[Site "Belfort - SNPHHUATVS"]
[Date "2010.??.??"]
[Round "1.3"]
[White "Bujisho, Benjamin"]
[Black "Migot, Tangi"]
[Result "0-1"]
[WhiteElo "2418"]
[BlackElo "2229"]
[PlyCount "136"]

1. d4 Nf6 2. Nf3 g6 3. c3 Bg7 4. Bg5 d6 5. Nbd2 Nc6 6. e4 e5 7. Bb5 O-O 8. Bxc6
bxc6 9. dxe5 dxe5 10. O-O Re8 11. Qc2 Ba6 12. c4 h6 13. Bh4 g5 14. Bg3 Nh5 15.
Rfd1 Bc8 16. Nf1 Qf6 17. Ne3 Nf4 18. Rd2 h5 19. Re1 Ng6 20. h3 Bxh3 21. gxh3
Qxf3 22. Qd1 Qxd1 23. Rdxd1 Rad8 24. Nf5 Bf8 25. a3 a5 26. Kf1 f6 27. Ke2 Kf7
28. Rxd8 Rxd8 29. Rd1 Rxd1 30. Kxd1 h4 31. Bh2 Bc5 32. f3 Ne7 33. Nh6+ Ke6 34.
Ng4 Nc8 35. Kc2 Nb6 36. b3 Bxa3 37. Bg1 Nd7 38. Be3 Bb4 39. Bc1 Nc5 40. Be3 Na6
41. Nh6 c5 42. Kd3 Nb8 43. Nf5 Nc6 44. Ng7+ Kd7 45. Nh5 Ke7 46. Ng7 Kf7 47. Nf5
Nd4 48. Bxd4 cxd4 49. Kc2 Bf8 50. Kd3 Ke6 51. c5 Kd7 52. f4 Kc6 53. fxg5 fxg5
54. Kc4 Bxc5 55. Nh6 Bd6 56. Ng4 Kd7 57. Kd3 Ke6 58. Kc4 Bb4 59. Kd3 Be1 60.
Ke2 Bg3 61. Kd3 Kd6 62. Kc4 Bf4 63. Nf2 Kc6 64. Ng4 Kb6 65. Nf2 Ka6 66. Ng4 a4
67. bxa4 Ka5 68. Kb3 d3 0-1

[Event "Championnat de France - Accession"]
[Site "Belfort - SNPHHUATVS"]
[Date "2010.??.??"]
[Round "1.4"]
[White "Velten, Paul"]
[Black "Demuth, Adrien"]
[Result "0-1"]
[WhiteElo "2222"]
[BlackElo "2394"]
[PlyCount "58"]

1. d4 Nf6 2. Nf3 g6 3. c4 Bg7 4. Nc3 d5 5. Qa4+ Bd7 6. Qb3 dxc4 7. Qxc4 O-O 8.
Bf4 Na6 9. e4 c5 10. d5 Qa5 11. Nd2 b5 12. Qd3 c4 13. Qc2 Rfc8 14. Be2 Nh5 15.
Be3 b4 16. Nd1 c3 17. bxc3 bxc3 18. Nb3 Qa4 19. Bxa6 Qxa6 20. f3 Bb5 21. Nf2
Bc4 22. Rc1 Rab8 23. g4 Nf6 24. Bf4 Rb6 25. Be5 Bxb3 26. axb3 Nxd5 27. Bxg7 Nb4
28. Qd1 Kxg7 29. Rxc3 Rd6 0-1

[Event "Championnat de France - Accession"]
[Site "Belfort - SNPHHUATVS"]
[Date "2010.??.??"]
[Round "1.5"]
[White "Moussard, Jules"]
[Black "Girard, Eric"]
[Result "1-0"]
[WhiteElo "2372"]
[BlackElo "2218"]
[PlyCount "69"]

1. e4 e6 2. d4 d5 3. Nc3 Bb4 4. Nge2 Nc6 5. a3 Ba5 6. e5 f6 7. f4 Nh6 8. Be3
O-O 9. Qd3 b5 10. Qxb5 Bd7 11. Qd3 Rb8 12. O-O-O Bb6 13. h3 Na5 14. b3 Qe7 15.
Nb1 Nf5 16. Bf2 fxe5 17. fxe5 c5 18. dxc5 Bxc5 19. Bxc5 Qxc5 20. b4 Qe3+ 21.
Qxe3 Nxe3 22. Re1 Rbc8 23. Nec3 Nac4 24. Bxc4 Nxc4 25. Re2 Rf5 26. Rhe1 d4 27.
Ne4 d3 28. cxd3 Nxe5+ 29. Kd2 Rd8 30. Nc5 Ng6 31. Nc3 Nf4 32. Rf2 Nxd3 33. Nxd3
Bb5 34. Rxf5 Rxd3+ 35. Kc2 1-0

[Event "Championnat de France - Accession"]
[Site "Belfort - SNPHHUATVS"]
[Date "2010.??.??"]
[Round "1.6"]
[White "Lutz, Eric"]
[Black "Sochacki, Christophe"]
[Result "0-1"]
[WhiteElo "2218"]
[BlackElo "2365"]
[PlyCount "74"]

1. d4 Nf6 2. c3 c5 3. dxc5 e6 4. b4 a5 5. Qa4 Na6 6. Bb2 b6 7. Nd2 Bb7 8. Qb5
axb4 9. cxb4 Bc6 10. Qc4 bxc5 11. bxc5 Nxc5 12. e3 Rb8 13. Be5 Rb4 14. Qc1 Bxg2
15. Bd4 Bxh1 16. Bxc5 Bxc5 17. Qxc5 Rg4 18. Ne2 Ne4 19. Nxe4 Bxe4 20. Nd4 Rg5
21. Qd6 Rd5 22. Qf4 Bg6 23. Bc4 Rc5 24. Nb3 e5 25. Qg4 Rc7 26. a4 O-O 27. a5 d5
28. Be2 Qb8 29. Nd2 Qb2 30. Qa4 Rc2 31. Rd1 Rc5 32. Ra1 Rc1+ 33. Rxc1 Qxc1+ 34.
Bd1 Rc8 35. Ke2 e4 36. f3 exf3+ 37. Nxf3 Bc2 0-1

[Event "Championnat de France - Accession"]
[Site "Belfort - SNPHHUATVS"]
[Date "2010.??.??"]
[Round "1.7"]
[White "Song, Julien"]
[Black "Loiseau, Quentin"]
[Result "1/2-1/2"]
[WhiteElo "2347"]
[BlackElo "2214"]
[PlyCount "51"]

1. d4 Nf6 2. c4 g6 3. Nc3 Bg7 4. Nf3 O-O 5. Bg5 c5 6. d5 d6 7. e3 Qa5 8. Nd2 a6
9. a4 e5 10. Be2 Qc7 11. g4 Ne8 12. e4 f5 13. gxf5 gxf5 14. Rg1 Kh8 15. Bd3 f4
16. Be2 Nd7 17. Bg4 Ndf6 18. Bxc8 Rxc8 19. Ra3 Rg8 20. Qf3 Qd7 21. a5 Bh6 22.
h4 Bf8 23. Na4 Qf7 24. Bxf6+ Nxf6 25. Rxg8+ Qxg8 26. Rb3 1/2-1/2

[Event "Championnat de France - Accession"]
[Site "Belfort - SNPHHUATVS"]
[Date "2010.??.??"]
[Round "1.8"]
[White "Briet, Antoine"]
[Black "Lerch, Patrice"]
[Result "1-0"]
[WhiteElo "2212"]
[BlackElo "2340"]
[PlyCount "63"]

1. e4 c5 2. Nf3 Nc6 3. d4 cxd4 4. Nxd4 g6 5. Nc3 Bg7 6. Be3 Nf6 7. Bc4 Qa5 8.
O-O d6 9. Nb3 Qd8 10. Be2 b6 11. f4 Bb7 12. Bf3 Nd7 13. Qe1 Rc8 14. Rd1 Nb4 15.
Qd2 O-O 16. a3 Bxc3 17. bxc3 Na2 18. c4 Rxc4 19. Be2 Qc7 20. Bxc4 Qxc4 21. Bd4
Bxe4 22. Ra1 Bxc2 23. Nc1 Nxc1 24. Raxc1 Rc8 25. Rf2 Qb3 26. Qb4 Rc4 27. Rfxc2
Qxb4 28. Rxc4 Qb5 29. Rc8+ Nf8 30. Rxf8+ Kxf8 31. Rc8+ Qe8 32. Bg7+ 1-0

[Event "Championnat de France - Accession"]
[Site "Belfort - SNPHHUATVS"]
[Date "2010.??.??"]
[Round "1.9"]
[White "Riff, Vincent"]
[Black "Camus, Berenger"]
[Result "1/2-1/2"]
[WhiteElo "2334"]
[BlackElo "2212"]
[PlyCount "132"]

1. e4 c5 2. Nf3 Nc6 3. Nc3 Nf6 4. Bb5 e6 5. O-O Qb6 6. Re1 Nd4 7. Bc4 d6 8. d3
Be7 9. Rb1 Bd7 10. h3 a6 11. Nxd4 cxd4 12. Ne2 Rc8 13. Bb3 Bc6 14. c3 dxc3 15.
Nxc3 Qd8 16. Bg5 h6 17. Bf4 d5 18. e5 Nh7 19. d4 O-O 20. Bc2 Bg5 21. Qd3 g6 22.
Bg3 b5 23. a3 Kh8 24. Ne2 Bd7 25. Nf4 Rg8 26. Qe2 Rc4 27. Qd3 Rc7 28. Bb3 Qe7
29. Qe2 Rgc8 30. Nd3 Kg7 31. Bh2 h5 32. f4 Bh6 33. Kh1 Qh4 34. Qf3 Kh8 35. Bg1
a5 36. Bf2 Qe7 37. Nc5 a4 38. Bc2 f5 39. Bd3 Be8 40. h4 Nf8 41. Na6 Ra7 42. Nb4
Nd7 43. Bxb5 Nb6 44. Ba6 Rcc7 45. Rbc1 Rxc1 46. Rxc1 Rc7 47. Rc5 Qd8 48. Qc3
Nc4 49. Bxc4 Rxc5 50. dxc5 dxc4 51. Qd4 Qxd4 52. Bxd4 Bxf4 53. c6 c3 54. Bxc3
Be3 55. c7 Bd7 56. Nc6 Bb6 57. Ba5 Bxc7 58. Bxc7 Bxc6 59. Kg1 Kg8 60. Kf2 Kf7
61. g3 Bd5 62. Ke3 Bb3 63. Ba5 Ke8 64. Bb4 Kd7 65. Kf4 Ke8 66. Bc3 Bd5 1/2-1/2

[Event "Championnat de France - Accession"]
[Site "Belfort - SNPHHUATVS"]
[Date "2010.??.??"]
[Round "1.10"]
[White "Fantinel, Thibault"]
[Black "Crut, Aurelien"]
[Result "1/2-1/2"]
[WhiteElo "2209"]
[BlackElo "2314"]
[PlyCount "76"]

1. e4 e6 2. d4 d5 3. Nc3 Bb4 4. exd5 exd5 5. Qf3 Nc6 6. Bb5 Nge7 7. Bf4 Be6 8.
Nge2 Qd7 9. O-O-O a6 10. Bxc6 Qxc6 11. g4 O-O-O 12. a3 Bxc3 13. Nxc3 Rdf8 14.
Rhg1 Ng6 15. Ne2 Qd7 16. Rd3 f6 17. Qg3 Nxf4 18. Nxf4 Bf7 19. Re3 Re8 20. Rge1
Rxe3 21. Rxe3 Re8 22. Nd3 Rxe3 23. fxe3 b6 24. g5 Bg6 25. gxf6 gxf6 26. Nf4 Qf5
27. Qh3 Qxh3 28. Nxh3 Kd7 29. Nf4 Be4 30. Kd2 Kd6 31. b3 a5 32. c4 a4 33. Kc3
axb3 34. Kxb3 Bf3 35. Kc3 c5 36. Kd3 Be4+ 37. Kc3 Bf3 38. Kd3 Be4+ 1/2-1/2

[Event "Championnat de France - Accession"]
[Site "Belfort - SNPHHUATVS"]
[Date "2010.??.??"]
[Round "1.11"]
[White "Saucey, Michel"]
[Black "Hell, Pascal"]
[Result "1-0"]
[WhiteElo "2306"]
[BlackElo "2209"]
[PlyCount "73"]

1. d4 d5 2. c4 c6 3. e3 Nf6 4. Bd3 g6 5. Nf3 Bg7 6. Nc3 O-O 7. O-O b6 8. b3 c5
9. Bb2 cxd4 10. exd4 Bb7 11. Qe2 Nc6 12. Rad1 Re8 13. Rfe1 Rc8 14. cxd5 Nxd5
15. Nxd5 Qxd5 16. Bc4 Qh5 17. d5 Na5 18. Bb5 Red8 19. Bxg7 Kxg7 20. b4 Bxd5 21.
bxa5 Bxf3 22. gxf3 Rxd1 23. Rxd1 Rc5 24. a4 Re5 25. Qd3 f6 26. axb6 axb6 27.
Bd7 Qg5+ 28. Kh1 Qf4 29. Rg1 Rh5 30. Rg3 Re5 31. Kg2 Re1 32. Qc3 Rd1 33. Rg4
Qd6 34. Bb5 h5 35. Re4 Rd5 36. f4 g5 37. Qc6 1-0

[Event "Championnat de France - Accession"]
[Site "Belfort - SNPHHUATVS"]
[Date "2010.??.??"]
[Round "1.12"]
[White "Netzer, Jacques"]
[Black "Saada, Julien"]
[Result "1-0"]
[WhiteElo "2208"]
[BlackElo "2304"]
[PlyCount "57"]

1. e4 c6 2. c4 d5 3. exd5 cxd5 4. cxd5 Nf6 5. Nc3 g6 6. Bc4 Bg7 7. Nge2 O-O 8.
O-O Nbd7 9. d3 a6 10. a4 b6 11. h3 Bb7 12. Be3 Rc8 13. Rc1 Ne8 14. Ne4 Nd6 15.
Nxd6 exd6 16. Nd4 Qh4 17. Nc6 Bxb2 18. Rb1 Bf6 19. Bxb6 Bxc6 20. dxc6 Rxc6 21.
a5 Rb8 22. Qf3 Ne5 23. Qd5 Bd8 24. f4 Bxb6+ 25. axb6 Nxc4 26. Qxc6 Nd2 27. Qc7
Qd8 28. Qxd8+ Rxd8 29. Rfc1 1-0

[Event "Championnat de France - Accession"]
[Site "Belfort - SNPHHUATVS"]
[Date "2010.??.??"]
[Round "1.13"]
[White "Forthofer, Robert"]
[Black "Di Nicolantonio, Lucas"]
[Result "0-1"]
[WhiteElo "2303"]
[BlackElo "2204"]
[PlyCount "58"]

1. d4 d5 2. c4 c6 3. Nf3 Nf6 4. e3 Bf5 5. Nc3 e6 6. Be2 h6 7. Ne5 Nbd7 8. Nxd7
Qxd7 9. O-O Bd6 10. Qb3 O-O 11. Rd1 Qe7 12. Bd2 Rad8 13. Be1 dxc4 14. Bxc4 e5
15. d5 b5 16. Be2 b4 17. dxc6 bxc3 18. Bxc3 Rc8 19. Qa4 Ne4 20. Rac1 Nxc3 21.
Rxc3 e4 22. g3 Rfd8 23. Rd5 Qe6 24. Bc4 Qf6 25. Qxa7 Be6 26. Rd4 Be5 27. Rxd8+
Qxd8 28. Bxe6 fxe6 29. Qd7 Bxc3 0-1

[Event "Championnat de France - Accession"]
[Site "Belfort - SNPHHUATVS"]
[Date "2010.??.??"]
[Round "1.14"]
[White "Le Ruyet, Leopold"]
[Black "Monsieux, Cyril"]
[Result "0-1"]
[WhiteElo "2188"]
[BlackElo "2300"]
[PlyCount "76"]

1. e4 g6 2. d4 Bg7 3. Nc3 c6 4. Bc4 d6 5. Qf3 e6 6. d5 cxd5 7. exd5 e5 8. Bd2
a6 9. a4 b6 10. Ne4 f5 11. Ng5 e4 12. Qb3 h6 13. Ne6 Bxe6 14. dxe6 Nc6 15. Ne2
Nge7 16. O-O-O O-O 17. Qg3 b5 18. Ba2 b4 19. Nf4 Kh7 20. Nd5 Nd4 21. Qe3 b3 22.
Bxb3 Nxb3+ 23. Qxb3 Rb8 24. Bb4 a5 25. Nxe7 Rxb4 26. Nc6 Qg5+ 27. Qe3 f4 28.
Qa7 Qf6 29. c3 Rxb2 30. Rd4 Ra2 31. e7 Ra1+ 32. Kb2 Rxh1 33. exf8=Q Qxf8 34.
Rxe4 Qf5 35. Qe7 d5 36. Re1 Qd3 37. Nd4 Qd2+ 38. Nc2 Rxe1 0-1

[Event "Championnat de France - Accession"]
[Site "Belfort - SNPHHUATVS"]
[Date "2010.??.??"]
[Round "1.15"]
[White "Ollier, Pablo"]
[Black "Muller, Anne"]
[Result "1-0"]
[WhiteElo "2293"]
[BlackElo "2184"]
[PlyCount "105"]

1. d4 Nf6 2. c4 e6 3. Nc3 Bb4 4. e3 c5 5. Bd3 Nc6 6. Nf3 d5 7. O-O O-O 8. a3
Bxc3 9. bxc3 Qc7 10. Bb2 Na5 11. cxd5 exd5 12. Ne5 c4 13. Bc2 Re8 14. f3 Nc6
15. Nxc6 Qxc6 16. Re1 Bd7 17. Re2 Rad8 18. Qe1 Qc8 19. Qh4 Bf5 20. e4 Bg6 21.
h3 Re6 22. Rae1 b5 23. Bc1 Rde8 24. e5 Bxc2 25. Rxc2 Nd7 26. f4 Rh6 27. Qg4 Nf8
28. f5 Rb6 29. Rf1 a5 30. Bd2 Qd7 31. Qg3 Kh8 32. f6 g6 33. Rf4 Ne6 34. Rh4
Reb8 35. Qe3 Qd8 36. Rc1 Qf8 37. Rf1 Kg8 38. Ra1 R6b7 39. Qe1 Qd8 40. Qe3 Qf8
41. Qg3 Qd8 42. Qe1 Qc8 43. Qc1 Nf8 44. Bh6 b4 45. Bg7 h5 46. Qh6 Nh7 47. axb4
axb4 48. cxb4 Rxb4 49. Kh2 c3 50. Rc1 Rb1 51. Rxc3 Qd8 52. Rg3 R8b3 53. Rg5 1-0

[Event "Championnat de France - Accession"]
[Site "Belfort - SNPHHUATVS"]
[Date "2010.??.??"]
[Round "1.16"]
[White "Dionisi, Thomas"]
[Black "Favarel, Julien"]
[Result "0-1"]
[WhiteElo "2183"]
[BlackElo "2279"]
[PlyCount "60"]

1. e4 c5 2. Nf3 Nc6 3. Bb5 Nf6 4. e5 Nd5 5. Nc3 Nc7 6. Bxc6 dxc6 7. h3 Bf5 8.
d3 h6 9. Qe2 Ne6 10. Be3 Nd4 11. Bxd4 cxd4 12. Ne4 e6 13. O-O Bg6 14. Nfd2 Be7
15. f4 O-O 16. Rae1 Qd5 17. Qf2 Qxa2 18. Nc4 Qa4 19. g4 Bxe4 20. Rxe4 b5 21. b3
Qb4 22. Nd2 a5 23. Nf3 a4 24. Rxd4 Qc3 25. Rd7 Bc5 26. d4 Ra7 27. Rxa7 Bxa7 28.
bxa4 bxa4 29. Rd1 a3 30. Qd2 Qxf3 0-1

[Event "Championnat de France - Accession"]
[Site "Belfort - SNPHHUATVS"]
[Date "2010.??.??"]
[Round "1.18"]
[White "Amoyal, Pierre"]
[Black "Dubessay, Bastien"]
[Result "0-1"]
[WhiteElo "2175"]
[BlackElo "2272"]
[PlyCount "66"]

1. d4 Nf6 2. c4 g6 3. Nc3 d5 4. Nf3 Bg7 5. Bg5 Ne4 6. cxd5 Nxg5 7. Nxg5 e6 8.
Qd2 exd5 9. Qe3+ Kf8 10. Qf4 Bf6 11. h4 h6 12. Nxd5 Bxg5 13. Qe5 f6 14. Qe4 c6
15. Qxg6 Qxd5 16. hxg5 Qa5+ 17. Kd1 Qxg5 18. Qd3 Kg7 19. g3 c5 20. d5 Qe5 21.
Qd2 h5 22. Bg2 Bg4 23. Rc1 Na6 24. Rc3 Rae8 25. Re1 Qd6 26. Kc1 b5 27. e4 b4
28. Rce3 c4 29. f3 Bd7 30. f4 c3 31. bxc3 bxc3 32. Rxc3 Rc8 33. e5 Qa3+ 0-1

[Event "Championnat de France - Accession"]
[Site "Belfort - SNPHHUATVS"]
[Date "2010.??.??"]
[Round "1.19"]
[White "Manoeuvre, Antoine"]
[Black "Schultz, Raphael"]
[Result "1-0"]
[WhiteElo "2271"]
[BlackElo "2173"]
[PlyCount "45"]

1. d4 e6 2. c4 f5 3. g3 Nf6 4. Bg2 d5 5. Nc3 c6 6. Nh3 Bd6 7. O-O O-O 8. Qc2
Nh5 9. f3 dxc4 10. Bg5 Qc7 11. e4 e5 12. Qe2 f4 13. Qxc4+ Kh8 14. g4 Nf6 15.
Rac1 Na6 16. Kh1 h6 17. Bxf4 exf4 18. e5 Qf7 19. Qxf7 Rxf7 20. exd6 Ne8 21. Ne4
g5 22. Rfe1 Nb4 23. Nexg5 1-0

[Event "Championnat de France - Accession"]
[Site "Belfort - SNPHHUATVS"]
[Date "2010.??.??"]
[Round "1.20"]
[White "Etrog, Jonathan"]
[Black "Loiret, Stanislas"]
[Result "1/2-1/2"]
[WhiteElo "2164"]
[BlackElo "2270"]
[PlyCount "61"]

1. c4 e6 2. g3 d5 3. Bg2 Nf6 4. d4 dxc4 5. Nf3 Nbd7 6. Nbd2 c5 7. Nxc4 cxd4 8.
O-O Qc7 9. Qxd4 Bc5 10. Bf4 Bxd4 11. Bxc7 Bc5 12. Nd6+ Ke7 13. Rfd1 Nd5 14.
Nxc8+ Raxc8 15. Ba5 b6 16. Be1 h6 17. a3 a5 18. Rac1 Ne3 19. Rd3 Nxg2 20. Kxg2
e5 21. Nh4 g6 22. Rcd1 Nf6 23. b4 axb4 24. axb4 e4 25. Ra3 Bd6 26. Ra6 Nd7 27.
Rd4 Nf6 28. Rxb6 Be5 29. Rb7+ Ke6 30. Rb6+ Ke7 31. Rb7+ 1/2-1/2

[Event "Championnat de France - Accession"]
[Site "Belfort - SNPHHUATVS"]
[Date "2010.??.??"]
[Round "2.1"]
[White "Demuth, Adrien"]
[Black "Valles, Manuel"]
[Result "0-1"]
[WhiteElo "2394"]
[BlackElo "2242"]
[PlyCount "90"]

1. d4 d5 2. Nf3 Nf6 3. c4 c6 4. Qb3 e6 5. Nc3 Be7 6. g3 O-O 7. Bg2 Ne4 8. O-O
f5 9. Ne5 Bf6 10. Be3 Nd6 11. cxd5 cxd5 12. Rac1 Bxe5 13. dxe5 Nc4 14. Bc5 Nd2
15. Qa3 Nc4 16. Qb3 Nd2 17. Qa3 Nc4 18. Qa4 Nxe5 19. Bxf8 Qxf8 20. Nb5 Nbc6 21.
Nd4 Bd7 22. Nxc6 bxc6 23. Qd4 Qf6 24. Qb4 Qf8 25. Qb7 Qb8 26. Qa6 Qb6 27. Qa3
Nc4 28. Rxc4 dxc4 29. Qd6 Be8 30. Qxe6+ Bf7 31. Qxf5 Qxb2 32. Bxc6 Rd8 33. Be4
g6 34. Qa5 Re8 35. Bd5 Qxe2 36. Bxf7+ Kxf7 37. Qxa7+ Re7 38. Qa5 Qe5 39. Qxe5
Rxe5 40. Ra1 Ke6 41. Kf1 Kd5 42. Re1 Rh5 43. h4 Kd4 44. Ke2 Re5+ 45. Kd1 Rxe1+
0-1

[Event "Championnat de France - Accession"]
[Site "Belfort - SNPHHUATVS"]
[Date "2010.??.??"]
[Round "2.2"]
[White "Houard, Yannick"]
[Black "Moussard, Jules"]
[Result "1/2-1/2"]
[WhiteElo "2238"]
[BlackElo "2372"]
[PlyCount "94"]

1. e4 g6 2. d4 d6 3. Nc3 Bg7 4. Be3 a6 5. h4 Nf6 6. Be2 h5 7. Nh3 b5 8. Ng5 Ng4
9. Bf4 Nc6 10. f3 e5 11. dxe5 Ngxe5 12. Qd5 Qd7 13. O-O-O Bb7 14. Qd2 Rb8 15.
Nd5 Ne7 16. Nxe7 Qxe7 17. Nh3 Bc6 18. Kb1 Qf6 19. c3 a5 20. Bg5 Qe6 21. Nf4 Qd7
22. Nd5 Bxd5 23. Qxd5 a4 24. a3 Nc4 25. Bxc4 bxc4 26. Qxc4 Rb3 27. Ka2 O-O 28.
Be3 Rfb8 29. Rd2 Qc8 30. Bd4 Qb7 31. Rb1 Bh6 32. Rc2 c5 33. Bf6 Bc1 34. Qxa4 c4
35. Qxc4 Bxb2 36. Qa4 Rb6 37. Bd4 Rb3 38. c4 Qc6 39. Qxb3 Rxb3 40. Rbxb2 Rxb2+
41. Kxb2 Qa4 42. Bf2 Kf8 43. Be1 Qa7 44. Bb4 Qd4+ 45. Kb3 Qd3+ 46. Kb2 Qd4+ 47.
Kb3 Qd3+ 1/2-1/2

[Event "Championnat de France - Accession"]
[Site "Belfort - SNPHHUATVS"]
[Date "2010.??.??"]
[Round "2.3"]
[White "Sochacki, Christophe"]
[Black "Brethes, Francois"]
[Result "1/2-1/2"]
[WhiteElo "2365"]
[BlackElo "2238"]
[PlyCount "51"]

1. e4 d6 2. d4 Nf6 3. Nc3 g6 4. h3 Bg7 5. Be3 c6 6. Nf3 Nbd7 7. e5 dxe5 8. dxe5
Nd5 9. Nxd5 cxd5 10. Qxd5 O-O 11. e6 fxe6 12. Qxe6+ Kh8 13. O-O-O Qa5 14. a3
Ne5 15. Qxe7 Nxf3 16. gxf3 Bf5 17. Bd3 Rac8 18. Kb1 Bxb2 19. Kxb2 Qc3+ 20. Kb1
Bxd3 21. Bd4+ Qxd4 22. Rxd3 Qxf2 23. Qe5+ Kg8 24. Qe6+ Kh8 25. Qe5+ Kg8 26.
Qe6+ 1/2-1/2

[Event "Championnat de France - Accession"]
[Site "Belfort - SNPHHUATVS"]
[Date "2010.??.??"]
[Round "2.4"]
[White "Delorme, Laurie"]
[Black "Saucey, Michel"]
[Result "0-1"]
[WhiteElo "2237"]
[BlackElo "2306"]
[PlyCount "130"]

1. d4 f5 2. c4 Nf6 3. Nc3 e6 4. Nf3 Be7 5. g3 O-O 6. Bg2 d6 7. O-O Ne4 8. Qc2
Nxc3 9. Qxc3 Bf6 10. b3 Nc6 11. Bb2 a5 12. Rad1 Qe7 13. Rfe1 e5 14. dxe5 dxe5
15. e4 fxe4 16. Rxe4 Bf5 17. Ree1 e4 18. Qc1 Bxb2 19. Qxb2 Bg4 20. Rd3 Qb4 21.
Rxe4 Bf5 22. a3 Qb6 23. Ng5 Rf6 24. Rf4 Ne7 25. Re3 Ng6 26. Bd5+ Kh8 27. Rxf5
Rxf5 28. Nf7+ Rxf7 29. Bxf7 Rd8 30. Qe2 Nf8 31. Re8 Rxe8 32. Qxe8 Qd6 33. a4 g6
34. Qe3 Kg7 35. Bd5 c6 36. Bf3 Ne6 37. Qb6 Qb4 38. Qe3 Qd6 39. h4 Nd4 40. Be4
Qe5 41. Qd3 Nxb3 42. Qxb3 Qxe4 43. Qxb7+ Kf6 44. Qb3 Qe1+ 45. Kg2 Ke5 46. Qb8+
Kd4 47. Qd6+ Kxc4 48. Qxc6+ Kb3 49. Qb5+ Ka3 50. f4 Qe4+ 51. Kf2 Qxa4 52. Qxa4+
Kxa4 53. g4 Kb5 54. Ke3 Kc5 55. Kd3 Kd5 56. h5 gxh5 57. gxh5 h6 58. Ke3 Ke6 59.
Ke4 Kf6 60. Kd4 Kf5 61. Kc5 Kxf4 62. Kb5 Kg5 63. Kxa5 Kxh5 64. Kb4 Kg4 65. Kc3
Kf3 0-1

[Event "Championnat de France - Accession"]
[Site "Belfort - SNPHHUATVS"]
[Date "2010.??.??"]
[Round "2.5"]
[White "Monsieux, Cyril"]
[Black "Ribreau, Herve"]
[Result "1/2-1/2"]
[WhiteElo "2300"]
[BlackElo "2238"]
[PlyCount "23"]

1. e4 d6 2. d4 Nf6 3. Nc3 e5 4. Nf3 Nbd7 5. Bc4 Be7 6. O-O O-O 7. Re1 c6 8. a4
b6 9. h3 a6 10. Bf1 Bb7 11. Bg5 Re8 12. g3 1/2-1/2

[Event "Championnat de France - Accession"]
[Site "Belfort - SNPHHUATVS"]
[Date "2010.??.??"]
[Round "2.6"]
[White "Stephan, Victor"]
[Black "Ollier, Pablo"]
[Result "1/2-1/2"]
[WhiteElo "2234"]
[BlackElo "2293"]
[PlyCount "164"]

1. d4 Nf6 2. g3 d5 3. Bg2 e6 4. Nf3 c5 5. O-O cxd4 6. Nxd4 Be7 7. c4 O-O 8.
cxd5 exd5 9. Nc3 Nc6 10. Bg5 h6 11. Be3 Ne5 12. Qc2 Nc4 13. Bf4 Qb6 14. Nxd5
Nxd5 15. Bxd5 Nxb2 16. Be3 Bc5 17. Nf5 Bxf5 18. Qxf5 Bxe3 19. fxe3 Qxe3+ 20.
Kh1 Rad8 21. Rab1 Qxe2 22. Bf3 Qd2 23. Be4 g6 24. Qf6 Qd4 25. Qxd4 Rxd4 26.
Rxb2 Rxe4 27. Rxb7 Ra4 28. Rf2 f5 29. Rc2 Rf7 30. Rb8+ Kg7 31. Rd8 Ra6 32. Kg2
Re7 33. h4 h5 34. Kf2 Kf7 35. Rb2 Rc7 36. Rh8 Kg7 37. Rd8 Ra3 38. Rbd2 Re7 39.
Rb2 Kf7 40. Rc8 Ra6 41. Rbc2 Ra3 42. Rd8 Re6 43. Rb8 Ke7 44. Rb3 Rea6 45. Rbb2
Kf6 46. Rd2 f4 47. gxf4 Rh3 48. Kg2 Rxh4 49. Rb4 Rg4+ 50. Kh2 Ra5 51. Rdb2 Rf5
52. Rb7 Rgxf4 53. Rxa7 Kg5 54. Ra6 Rh4+ 55. Kg3 Rg4+ 56. Kh2 Kh4 57. Ra3 Kg5
58. Ra6 Rff4 59. Rbb6 Kh6 60. a4 h4 61. a5 Kh5 62. Ra8 Rf2+ 63. Kh1 Ra4 64.
Rh8+ Kg5 65. Rb1 Rff4 66. Rg8 Rf6 67. Rh8 Ra6 68. Rb5+ Kg4 69. Rg8 Rf4 70. Rb6
Rf6 71. Rb4+ Kg5 72. Rh8 Rxa5 73. Rhxh4 Rf2 74. Rhg4+ Kf5 75. Rg2 Rf1+ 76. Rg1
Rf3 77. Kg2 Rc3 78. Rgb1 g5 79. Rb5+ Rxb5 80. Rxb5+ Kg4 81. Rb4+ Kh5 82. Ra4
Rb3 1/2-1/2

[Event "Championnat de France - Accession"]
[Site "Belfort - SNPHHUATVS"]
[Date "2010.??.??"]
[Round "2.7"]
[White "Favarel, Julien"]
[Black "Briet, Antoine"]
[Result "1-0"]
[WhiteElo "2279"]
[BlackElo "2212"]
[PlyCount "83"]

1. d4 Nf6 2. c4 g6 3. Nc3 d5 4. cxd5 Nxd5 5. e4 Nxc3 6. bxc3 Bg7 7. Bc4 c5 8.
Ne2 Nc6 9. Be3 O-O 10. O-O Na5 11. Bd3 b6 12. Qd2 e5 13. Bh6 Bb7 14. Bxg7 Kxg7
15. f4 f5 16. fxe5 fxe4 17. Rxf8 Qxf8 18. Bc2 Qe7 19. Qf4 Rf8 20. Qg4 Qf7 21.
Bxe4 Qf2+ 22. Kh1 Bc8 23. e6 cxd4 24. cxd4 Bxe6 25. Qxe6 Qxe2 26. Qe5+ Kh6 27.
h4 Qg4 28. Rc1 Nc4 29. Qg5+ Qxg5 30. hxg5+ Kxg5 31. Rxc4 Rf1+ 32. Kh2 Rd1 33.
Bf3 Rd2 34. a4 h5 35. d5 Kf5 36. Rc7 a6 37. Rc6 g5 38. Bxh5 Rd4 39. Be2 Rxa4
40. Rxb6 a5 41. Ra6 Ra2 42. Bb5 1-0

[Event "Championnat de France - Accession"]
[Site "Belfort - SNPHHUATVS"]
[Date "2010.??.??"]
[Round "2.8"]
[White "Dubessay, Bastien"]
[Black "Netzer, Jacques"]
[Result "0-1"]
[WhiteElo "2272"]
[BlackElo "2208"]
[PlyCount "86"]

1. d4 Nf6 2. c4 g6 3. Nc3 Bg7 4. e4 d6 5. f3 O-O 6. Bg5 c5 7. d5 e6 8. Qd2 Qa5
9. a4 Na6 10. Nge2 Nb4 11. Nc1 Bd7 12. Be2 exd5 13. cxd5 a6 14. Nb3 Qc7 15. O-O
h5 16. e5 Nfxd5 17. Nxd5 Nxd5 18. Qxd5 Be6 19. Qd1 Bxe5 20. f4 Bxb2 21. Rb1 Bg7
22. f5 Bxf5 23. Rxf5 gxf5 24. Nd2 d5 25. Qc2 c4 26. Qxf5 Qe5 27. Qxe5 Bxe5 28.
Nf3 Rfe8 29. Kf2 Bg7 30. Be3 b5 31. Bd4 Rab8 32. a5 b4 33. Bd1 b3 34. Bxg7 Kxg7
35. Nd4 Rb4 36. Nf5+ Kf6 37. Ne3 Rb5 38. g4 Rxa5 39. gxh5 Ra2+ 40. Kf3 Rd2 41.
Ng4+ Kg5 42. h4+ Kxh4 43. h6 Kg5 0-1